| 000 | 02596cam a2200325 4500500 | ||
|---|---|---|---|
| 005 | 20260111114914.0 | ||
| 041 | _afre | ||
| 042 | _adc | ||
| 100 | 1 | 0 |
_aRuaud, Sabine _eauthor |
| 700 | 1 | 0 |
_aLejealle, Catherine _eauthor |
| 700 | 1 | 0 |
_aDelecolle, Thierry _eauthor |
| 245 | 0 | 0 | _aStratégie d’influence et réputation de marque : les défis de l’expansion internationale pour Courbet |
| 260 | _c2025. | ||
| 500 | _a24 | ||
| 520 | _aSelon un rapport de recherche complet de Market Research Future (MRFR), le marché du marketing d’influence devrait atteindre 38,2 milliards de dollars US d’ici 2030, enregistrant un TCAC de 33,20 % tout au long de la période de prévision (2022-2030). Quelles sont les spécificités du marketing d’influence ? Pour quelles raisons les marques intègrent de plus en plus ce levier dans leurs stratégies ? Quels sont les risques encourus ? Le cas retenu est celui de Courbet, première Maison de la Place Vendôme à commercialiser des diamants de synthèse sur or recyclé, partie à la conquête des Milléniaux chinois. Il permet d’illustrer que, si le choix d’un influenceur est déterminant, il n’est pas pour autant sans danger pour la marque qui y recourt. Des implications managériales seront mises en lumière. | ||
| 520 | _aAccording to a research report by Market Research Future (MRFR), the influencer marketing market is expected to reach US$38.2 billion by 2030, registering a CAGR of 33.20% throughout the forecast period (2022-2030). What are the specifics of influencer marketing? Why are brands increasingly incorporating this lever into their strategies? What are the risks involved? The case in point is that of Courbet, the first Place Vendôme ‘Maison’ to market synthetic diamonds on recycled gold, which has set out to conquer the Chinese Millennials. It illustrates that while the choice of an influencer is crucial to its success in the land of the dragon, it is not without danger. Managerial implications will be highlighted. | ||
| 690 | _ae-réputation | ||
| 690 | _agestion de la marque | ||
| 690 | _ainfluenceur | ||
| 690 | _amarketing d’influence | ||
| 690 | _anotoriété | ||
| 690 | _a. | ||
| 690 | _abrand awareness | ||
| 690 | _abrand management | ||
| 690 | _ae-reputation | ||
| 690 | _ainfluencer | ||
| 690 | _ainfluencer marketing | ||
| 786 | 0 | _nRecherche et Cas en Sciences de Gestion | 27 | 1 | 2025-12-10 | p. 26-41 | 2646-6546 | |
| 856 | 4 | 1 | _uhttps://shs.cairn.info/revue-recherche-et-cas-en-sciences-de-gestion-2025-1-page-26?lang=fr&redirect-ssocas=7080 |
| 999 |
_c1633569 _d1633569 |
||